All-Time Detroit Lions Players By College - Statistics

General Stats
  • This quiz has been taken 70 times
  • The average score is 8 of 15
Answer Stats
Hint Answer % Correct
Matthew Stafford Georgia
94%
Jahmyr Gibbs Alabama
90%
Jared Goff California
84%
Amon-Ra St. Brown USC
84%
Barry Sanders Oklahoma State
82%
T.J. Hockenson Iowa
80%
Calvin Johnson Georgia Tech
76%
Jeff Okudah Ohio State
57%
Ndamukong Suh Nebraska
55%
Frank Ragnow Arkansas
41%
Quandre Diggs Texas
27%
Darius Slay Mississippi State
24%
Aidan Hutchinson UCLA
22%
Dre' Bly North Carolina
16%
Matt Prater UCF
10%
No matching quizzes found
Score Distribution
Percent of People with Each Score
Percentile by Number Answered
Your Score History
You have not taken this quiz